=LDR 00000nam 2200000 4500 =001 INLIS000000000013888 =005 20130612105217 =008 ***********************************Ind** =035 ##$$0010-061300000013888 =041 ##$$a Ind =082 ##$$a 641.86 =090 ##$$a 641.86, Zai k =100 ##$$a Zainuddin, Siti Nur =245 ##$$a Kue-kue manasuka, Siti Nur Zainuddin =260 ##$$a (s.a) $b Jakarta =300 ##$$a 234 hlm, Ilus, 24 cm =650 ##$$a Kue =850 ##$$a NBPNMAT =990 ##$$a 0001/BPAP-NTB/2016